00462 2200193 4500001002100000005001500021008004100036020002200077035001900099041000700118082001000125090001600135100002100151245002700172260002200199300002700221500000600248650001400254INLIS00000000000290520241224112625241224||||||||| | ||| |||| || |  a978-602-97066-4-2 0010-1224002905 aid0 a650.1 a650.1 MUS s0 aMustofa Romdloni00aSederhana Tapi Dahsyat bKreasi Katac2013 a190 hlm.; ilus.: 19 cm a1 0amanajemen